Football Teams Shinji Kagawa Played For - Statistics

General Stats
  • This quiz has been taken 29 times
  • The average score is 5 of 9
Answer Stats
League Years Team % Correct
England 2012-2014 Manchester United
100%
Germany 2010-2012 Borussia Dortmund
95%
Germany 2014-2019 Borussia Dortmund
95%
Turkey 2019 Beşiktaş JK
42%
Japan 2006-2010 Cerezo Osaka
42%
Japan 2023- Cerezo Osaka
42%
Greece 2021-2022 PAOK Thessaloniki
42%
Spain 2019-2020 Real Zaragoza
21%
Belgium 2022-2023 Sint-Truidense VV
11%
No matching quizzes found
Score Distribution
Percent of People with Each Score
Percentile by Number Answered
Your Score History
You have not taken this quiz